| 000 | 00624nam a22002177a 4500 | ||
|---|---|---|---|
| 999 |
_c3799 _d3799 |
||
| 003 | OSt | ||
| 005 | 20241029094334.0 | ||
| 008 | 241029b ||||| |||| 00| 0 eng d | ||
| 020 | _a9789670684420 | ||
| 040 | _cKH8 | ||
| 082 | _a899.233 FAI | ||
| 100 |
_aFaizah Razak, _eauthor. |
||
| 245 |
_aAhli Forensik / _cFaizah Razak. |
||
| 260 |
_aSelangor ; _bTinta Sakti Enterprise , _c2019. |
||
| 300 |
_a32 pages : _bcolor illustrations ; _c26 cm. |
||
| 440 | _aSiri cita-cita saya | ||
| 650 |
_aChildren's stories _vMalay |
||
| 650 |
_aDidactic fiction _vMalay |
||
| 650 |
_aOccupations _vJuvenile literature |
||
| 942 |
_2ddc _cTR |
||